<?xml version="1.0" encoding="UTF-8"?>
<record
    xmlns:xsi="http://www.w3.org/2001/XMLSchema-instance"
    xsi:schemaLocation="http://www.loc.gov/MARC21/slim http://www.loc.gov/standards/marcxml/schema/MARC21slim.xsd"
    xmlns="http://www.loc.gov/MARC21/slim">

  <leader>01184nam a2200241 a 4500</leader>
  <controlfield tag="001">000034733</controlfield>
  <controlfield tag="005">20260401094258.0</controlfield>
  <controlfield tag="008">111019s1939    pr            000 0 spa d</controlfield>
  <datafield tag="040" ind1=" " ind2=" ">
    <subfield code="a">DO-SdBNP</subfield>
    <subfield code="b">spa</subfield>
    <subfield code="c">BNPHU</subfield>
  </datafield>
  <datafield tag="082" ind1=" " ind2=" ">
    <subfield code="a">305.8</subfield>
    <subfield code="b">C834r</subfield>
  </datafield>
  <datafield tag="100" ind1="1" ind2=" ">
    <subfield code="a">Cos&#xED;o Villegas, Daniel</subfield>
    <subfield code="d">1893-</subfield>
    <subfield code="9">60200</subfield>
  </datafield>
  <datafield tag="245" ind1="1" ind2="0">
    <subfield code="a">Raza y racismo /</subfield>
    <subfield code="c">Daniel Cos&#xED;o Villegas; versi&#xF3;n espa&#xF1;ola de Manuel Mart&#xED;nez B&#xE1;ez.</subfield>
  </datafield>
  <datafield tag="260" ind1=" " ind2=" ">
    <subfield code="a">Mexico :</subfield>
    <subfield code="b">Fondo de Cultural Econ&#xF3;mica,</subfield>
    <subfield code="c">1939.</subfield>
  </datafield>
  <datafield tag="300" ind1=" " ind2=" ">
    <subfield code="a">170 p. ;</subfield>
    <subfield code="c">20 cm.</subfield>
  </datafield>
  <datafield tag="490" ind1="1" ind2=" ">
    <subfield code="a">Secci&#xF3;n de Econom&#xED;a, del Fondo de Cultural Econ&#xF3;mica dirigida por Daniel Cos&#xED;o Villegas</subfield>
  </datafield>
  <datafield tag="505" ind1="0" ind2=" ">
    <subfield code="t">Racismo y antropolog&#xED;a --</subfield>
    <subfield code="t">La raza y la sangre --</subfield>
    <subfield code="t">La raza y la herencia --</subfield>
    <subfield code="t">El mito de la raza --</subfield>
    <subfield code="t">Racismo y pol&#xED;tica extranjera --</subfield>
    <subfield code="t">El racismo y la lucha de clases --</subfield>
    <subfield code="t">Conceptos positivos que se oponen al racismo</subfield>
  </datafield>
  <datafield tag="590" ind1=" " ind2=" ">
    <subfield code="a">Perteneci&#xF3; a la biblioteca personal de Juan Isidro Jimenes Grull&#xF3;n</subfield>
  </datafield>
  <datafield tag="650" ind1=" " ind2="0">
    <subfield code="a">RAZAS HUMANAS</subfield>
    <subfield code="9">26021</subfield>
  </datafield>
  <datafield tag="650" ind1=" " ind2="0">
    <subfield code="a">Racismo</subfield>
    <subfield code="9">2279</subfield>
  </datafield>
  <datafield tag="700" ind1="1" ind2="2">
    <subfield code="a">Mart&#xED;nez B&#xE1;ez, Manuel.</subfield>
    <subfield code="9">60201</subfield>
  </datafield>
  <datafield tag="830" ind1=" " ind2="0">
    <subfield code="a">Secci&#xF3;n de Econom&#xED;a, del Fondo de Cultural Econ&#xF3;mica dirigida por Daniel Cos&#xED;o Villegas</subfield>
    <subfield code="9">60202</subfield>
  </datafield>
  <datafield tag="910" ind1=" " ind2=" ">
    <subfield code="a">Validado. Control de calidad MFF</subfield>
  </datafield>
  <datafield tag="952" ind1=" " ind2=" ">
    <subfield code="0">0</subfield>
    <subfield code="1">0</subfield>
    <subfield code="5">0</subfield>
    <subfield code="7">1</subfield>
    <subfield code="8">MO</subfield>
    <subfield code="a">GR</subfield>
    <subfield code="b">GR</subfield>
    <subfield code="c">HD</subfield>
    <subfield code="d">2011-10-19</subfield>
    <subfield code="i">LF1</subfield>
    <subfield code="l">0</subfield>
    <subfield code="o">305.8 C834r</subfield>
    <subfield code="p">34733-10</subfield>
    <subfield code="r">2020-06-25</subfield>
    <subfield code="w">2020-06-25</subfield>
    <subfield code="y">1</subfield>
    <subfield code="z">Perteneci&#xF3; a la biblioteca personal de Julio Ortega Frier</subfield>
    <subfield code="Z">No se presta</subfield>
  </datafield>
  <datafield tag="999" ind1=" " ind2=" ">
    <subfield code="c">34224</subfield>
    <subfield code="d">34224</subfield>
  </datafield>
</record>
